Engineering Mechanics Dynamics / (Record no. 33546)

000 -LEADER
fixed length control field 01080cam a22003494a 4500
001 - CONTROL NUMBER
control field 17154979
003 - CONTROL NUMBER IDENTIFIER
control field OSt
005 - DATE AND TIME OF LATEST TRANSACTION
control field 20220103100308.0
008 - FIXED-LENGTH DATA ELEMENTS--GENERAL INFORMATION
fixed length control field 120208s2012 njua 001 0 eng
010 ## - LIBRARY OF CONGRESS CONTROL NUMBER
LC control number 2012005815
020 ## - INTERNATIONAL STANDARD BOOK NUMBER
International Standard Book Number 9788126543953
035 ## - SYSTEM CONTROL NUMBER
System control number (OCoLC)ocn299699736
038 ## - RECORD CONTENT LICENSOR
Staff Name khadija
040 ## - CATALOGING SOURCE
Original cataloging agency DLC
Language of cataloging eng
Transcribing agency DLC
Modifying agency YDX
-- BTCTA
-- YDXCP
-- BDX
-- BWX
-- DLC
042 ## - AUTHENTICATION CODE
Authentication code pcc
050 00 - LIBRARY OF CONGRESS CALL NUMBER
Classification number TJ170
Item number .M47 2014
082 00 - DEWEY DECIMAL CLASSIFICATION NUMBER
Classification number 620.104
Edition number 23
Author Mark MER
084 ## - OTHER CLASSIFICATION NUMBER
Classification number TEC009070
Number source bisacsh
100 1# - MAIN ENTRY--PERSONAL NAME
Personal name Meriam, J. L.
Fuller form of name (James L.)
9 (RLIN) 87237
245 10 - TITLE STATEMENT
Title Engineering Mechanics Dynamics /
Statement of responsibility, etc. J.L. Meriam, L.G. Kraige.
246 30 - VARYING FORM OF TITLE
Title proper/short title Dynamics
250 ## - EDITION STATEMENT
Edition statement 7th
260 ## - PUBLICATION, DISTRIBUTION, ETC.
Place of publication, distribution, etc. Hoboken, NJ :
Name of publisher, distributor, etc. Wiley,
Date of publication, distribution, etc. c2014.
300 ## - PHYSICAL DESCRIPTION
Extent xviii, 723 p. :
Other physical details ill. (some col.) ;
Dimensions 26 cm.
500 ## - GENERAL NOTE
General note Includes index.
563 ## - BINDING INFORMATION
Binding note PB
650 #0 - SUBJECT ADDED ENTRY--TOPICAL TERM
Topical term or geographic name entry element Machinery, Dynamics of.
9 (RLIN) 87238
700 1# - ADDED ENTRY--PERSONAL NAME
Personal name Kraige, L. G.
Fuller form of name (L. Glenn)
9 (RLIN) 87239
906 ## - LOCAL DATA ELEMENT F, LDF (RLIN)
a 7
b cbc
c orignew
d 1
e ecip
f 20
g y-gencatlg
942 ## - ADDED ENTRY ELEMENTS (KOHA)
Source of classification or shelving scheme
Koha item type Book
Holdings
Withdrawn status Lost status Source of classification or shelving scheme Damaged status Not for loan Permanent Location Current Location Shelving location Date acquired Full call number Barcode Date last seen Price effective from Koha item type
          School of Mechanical & Manufacturing Engineering (SMME) School of Mechanical & Manufacturing Engineering (SMME) Text Books 05/05/2016 620.104 MER SMME-2644 04/05/2018 05/05/2016 Book
© 2023 Central Library, National University of Sciences and Technology. All Rights Reserved.